Women in Southeast Asian Nationalist movements

Bibliographic Details
Other Authors: Blackburn, Susan, Ting, Helen
Format: Book
Published: Singapore : NUS Press , 2013
Subjects:

MARC

LEADER 00000cam a2200000 7i4500
001 0000187996
005 20140910.0
020 |a 9789971696740 
090 0 0 |a 320.0820959   |b WOM 
245 0 0 |a Women in Southeast Asian Nationalist movements   |c edited by Susan Blackburn and Helen Ting 
260 |a Singapore :   |b NUS Press ,   |c 2013 
300 |a 333p. ;   |c 23cm. 
650 0 0 |a Nationalism   |z Southeast Asia   |x History 
650 0 0 |a Women   |x Political activity   |z Southeast Asia   |x Biography 
700 1 |a Blackburn, Susan 
700 1 |a Ting, Helen 
999 |a 00300322   |b BUKU   |c PINJAMAN   |e PERPUSTAKAAN KOMUNITI PETALING JAYA